| 000 | 01038nam a2200205 a 4500 | ||
|---|---|---|---|
| 001 | 47508 | ||
| 005 | 20180714031458.0 | ||
| 008 | 140415d 000 0 eng d | ||
| 020 | _a0824720008 | ||
| 041 | _aeng | ||
| 082 |
_a620.00452 _bMOD |
||
| 100 | 1 | _aMODARRES, MOHAMMAD | |
| 245 | 1 | 0 |
_aRELIABILITY ENGINEERING AND RISK ANALYSIS : _bA PRACTICAL GUIDE |
| 250 | _a1a ed. | ||
| 260 |
_a[s.l.] : _bMERCEL DEKKER, INC., _c[s.f.] |
||
| 300 |
_a78 _c15.5 x 2.5 x 23.5 |
||
| 520 | _aINGENIERIA DE CONFIANZA Y ANALISIS DE RIESGO. ESTE TEXTO, CONVENIENTE Y LUCIDA REFERENTE INTRODUCE YEXPLICA METODOS PRAGMATICAS Y TECNICAS PARA LA CONFIANZA Y EL ESTUDIO DE RIESGOS Y DISCUTE SOBRE LOS USOS Y LAS LIMITACIONES MAS QUE SOLO DEMOSTRAR DERIVACIONES LOGICAS. INCLUYE SOFTWARE COMPUTACIONAL QUE ILUSTRA NUMEROSOS EJEMPLOS, AYUDANDO A LOS INGENIEROS Y A LOS ESTUDIANTES A RESOLVER PROBLEMAS. OTORGANDOLES SU PRIMER MODULO EN ESTIMACION BAYESIAN. | ||
| 650 | 1 | 4 | _aCONFIABILIDAD (INGENIERIA) |
| 700 | 1 |
_aKAMINSKIY, MARK _ecoaut. |
|
| 999 |
_c47508 _d47508 |
||